[Event "DVM U20w 2023"]
[Site "Magdeburg GER"]
[Date "2023.12.27"]
[Round "2"]
[White "Falke, Ornella"]
[Black "Adelhardt, Lisa"]
[Result "1-0"]
[Termination "normal"]
[Board "8.1"]
[WhiteTitle "WCM"]
[WhiteElo "1969"]
[BlackElo "1701"]
[WhiteClock "00:37:31"]
[BlackClock "00:15:08"]
[WhiteTeam "Elmshorner SC 1896"]
[BlackTeam "SC Garching 1980"]
[PlyCount "57"]
[WhiteFideId "16207092"]
[BlackFideId "16235380"]
[EventCountry "GER"]
[EventRounds "7"]
[EventType "team-swiss"]
[EventDate "2023.12.26"]

1. d4 {[%clk 01:30:54]} {[%emt 00:00:05]} Nf6 {[%clk 01:30:19]} {[%emt
00:00:41]} 2. c4 {[%clk 01:31:15]} {[%emt 00:00:10]} e6 {[%clk 01:30:07]}
{[%emt 00:00:42]} 3. Nf3 {[%clk 01:30:57]} {[%emt 00:00:47]} c6 {[%clk
01:29:36]} {[%emt 00:01:02]} 4. Nc3 {[%clk 01:26:57]} {[%emt 00:04:30]} d5
{[%clk 01:28:00]} {[%emt 00:02:07]} 5. Bg5 {[%clk 01:25:18]} {[%emt 00:02:08]}
h6 {[%clk 01:27:27]} {[%emt 00:01:03]} 6. Bh4 {[%clk 01:25:21]} {[%emt
00:00:27]} Be7 {[%clk 01:27:01]} {[%emt 00:00:56]} 7. e3 {[%clk 01:25:34]}
{[%emt 00:00:17]} Nbd7 {[%clk 01:25:52]} {[%emt 00:01:39]} 8. Rc1 {[%clk
01:22:43]} {[%emt 00:03:21]} O-O {[%clk 01:20:55]} {[%emt 00:05:27]} 9. a3
{[%clk 01:14:08]} {[%emt 00:09:06]} b6 {[%clk 01:14:55]} {[%emt 00:06:30]} 10.
cxd5 {[%clk 01:13:42]} {[%emt 00:00:56]} Nxd5 {[%clk 01:12:35]} {[%emt
00:02:50]} 11. Bxe7 {[%clk 01:07:54]} {[%emt 00:06:18]} Nxe7 {[%clk 01:10:19]}
{[%emt 00:02:45]} 12. Bd3 {[%clk 01:07:42]} {[%emt 00:00:42]} c5 {[%clk
01:07:26]} {[%emt 00:03:24]} 13. O-O {[%clk 01:04:57]} {[%emt 00:03:14]} Bb7
{[%clk 01:06:26]} {[%emt 00:01:30]} 14. Bb1 {[%clk 01:03:51]} {[%emt 00:01:36]}
cxd4 {[%clk 01:04:27]} {[%emt 00:02:29]} 15. Nxd4 {[%clk 01:03:55]} {[%emt
00:00:26]} a6 {[%clk 00:58:57]} {[%emt 00:06:03]} 16. Qc2 {[%clk 01:02:35]}
{[%emt 00:01:49]} Nf6 {[%clk 00:58:15]} {[%emt 00:01:11]} 17. Rfd1 {[%clk
01:02:35]} {[%emt 00:00:30]} Ned5 {[%clk 00:48:37]} {[%emt 00:10:08]} 18. Nce2
{[%clk 00:56:30]} {[%emt 00:06:34]} Rc8 {[%clk 00:45:28]} {[%emt 00:03:40]} 19.
Qd3 {[%clk 00:54:41]} {[%emt 00:02:19]} Rxc1 {[%clk 00:41:20]} {[%emt
00:04:38]} 20. Rxc1 {[%clk 00:54:16]} {[%emt 00:00:55]} g6 {[%clk 00:34:04]}
{[%emt 00:07:46]} 21. Nxe6 {[%clk 00:42:10]} {[%emt 00:12:36]} fxe6 {[%clk
00:33:28]} {[%emt 00:01:06]} 22. Qxg6+ {[%clk 00:41:46]} {[%emt 00:00:54]} Kh8
{[%clk 00:29:57]} {[%emt 00:04:00]} 23. Qxh6+ {[%clk 00:41:39]} {[%emt
00:00:39]} Kg8 {[%clk 00:30:16]} {[%emt 00:00:10]} 24. e4 {[%clk 00:40:24]}
{[%emt 00:01:46]} Nc7 {[%clk 00:24:13]} {[%emt 00:06:31]} 25. e5 {[%clk
00:40:08]} {[%emt 00:00:47]} Ne4 {[%clk 00:20:15]} {[%emt 00:04:28]} 26. Qg6+
{[%clk 00:39:50]} {[%emt 00:00:47]} Kh8 {[%clk 00:20:26]} {[%emt 00:00:20]} 27.
Bxe4 {[%clk 00:40:02]} {[%emt 00:00:19]} Qh4 {[%clk 00:18:39]} {[%emt
00:02:16]} 28. Ng3 {[%clk 00:39:40]} {[%emt 00:00:52]} Nd5 {[%clk 00:15:08]}
{[%emt 00:04:01]} 29. Qh5+ {[%clk 00:37:31]} {[%emt 00:02:38]} 1-0

[Event "DVM U20w 2023"]
[Site "Magdeburg GER"]
[Date "2023.12.27"]
[Round "2"]
[White "Alferova, Emily"]
[Black "Margaryan, Susanna"]
[Result "1-0"]
[Termination "normal"]
[Board "8.2"]
[WhiteElo "1589"]
[BlackElo "1464"]
[WhiteClock "00:13:15"]
[BlackClock "01:01:18"]
[WhiteTeam "SC Garching 1980"]
[BlackTeam "Elmshorner SC 1896"]
[PlyCount "37"]
[WhiteFideId "16265904"]
[BlackFideId "16268210"]
[EventCountry "GER"]
[EventRounds "7"]
[EventType "team-swiss"]
[EventDate "2023.12.26"]

1. d4 {[%clk 01:30:48]} {[%emt 00:00:12]} d5 {[%clk 01:30:26]} {[%emt
00:00:33]} 2. Nf3 {[%clk 01:31:07]} {[%emt 00:00:10]} Nf6 {[%clk 01:30:30]}
{[%emt 00:00:27]} 3. e3 {[%clk 01:31:25]} {[%emt 00:00:12]} Bg4 {[%clk
01:30:32]} {[%emt 00:00:28]} 4. h3 {[%clk 01:30:27]} {[%emt 00:01:28]} Bh5
{[%clk 01:30:26]} {[%emt 00:00:35]} 5. g4 {[%clk 01:26:19]} {[%emt 00:04:38]}
Bg6 {[%clk 01:26:31]} {[%emt 00:04:25]} 6. Ne5 {[%clk 01:26:36]} {[%emt
00:00:12]} Nbd7 {[%clk 01:25:56]} {[%emt 00:01:05]} 7. h4 {[%clk 01:25:37]}
{[%emt 00:01:30]} h6 {[%clk 01:25:24]} {[%emt 00:01:02]} 8. Nxg6 {[%clk
01:25:30]} {[%emt 00:00:37]} fxg6 {[%clk 01:25:47]} {[%emt 00:00:07]} 9. Bd3
{[%clk 01:18:45]} {[%emt 00:07:15]} Kf7 {[%clk 01:25:26]} {[%emt 00:00:51]} 10.
f4 {[%clk 01:14:30]} {[%emt 00:04:45]} c5 {[%clk 01:20:58]} {[%emt 00:04:58]}
11. c3 {[%clk 00:51:25]} {[%emt 00:23:34]} c4 {[%clk 01:21:00]} {[%emt
00:00:30]} 12. Bc2 {[%clk 00:51:36]} {[%emt 00:00:19]} e6 {[%clk 01:12:51]}
{[%emt 00:08:39]} 13. Qf3 {[%clk 00:41:24]} {[%emt 00:10:41]} Bd6 {[%clk
01:09:13]} {[%emt 00:04:08]} 14. g5 {[%clk 00:36:44]} {[%emt 00:05:10]} Ng8
{[%clk 01:04:01]} {[%emt 00:05:43]} 15. h5 {[%clk 00:30:50]} {[%emt 00:06:25]}
Ne7 {[%clk 01:01:34]} 16. hxg6+ {[%clk 00:28:34]} {[%emt 00:05:42]} Nxg6 {[%clk
01:01:44]} {[%emt 00:00:20]} 17. Bxg6+ {[%clk 00:22:06]} {[%emt 00:06:58]} Kxg6
{[%clk 01:01:46]} {[%emt 00:00:27]} 18. Qh5+ {[%clk 00:21:24]} {[%emt
00:01:12]} Kf5 {[%clk 01:01:18]} {[%emt 00:00:59]} 19. gxh6+ {[%clk 00:13:15]}
{[%emt 00:08:39]} 1-0

[Event "DVM U20w 2023"]
[Site "Magdeburg GER"]
[Date "2023.12.27"]
[Round "2"]
[White "Neitzel, Emma"]
[Black "Frowein, Jamie"]
[Result "0-1"]
[Termination "normal"]
[Board "8.3"]
[WhiteElo "1118"]
[BlackElo "1430"]
[WhiteClock "00:07:38"]
[BlackClock "00:20:53"]
[WhiteTeam "Elmshorner SC 1896"]
[BlackTeam "SC Garching 1980"]
[PlyCount "64"]
[WhiteFideId "16298373"]
[BlackFideId "16282949"]
[EventCountry "GER"]
[EventRounds "7"]
[EventType "team-swiss"]
[EventDate "2023.12.26"]

1. d4 {[%clk 01:30:58]} {[%emt 00:00:02]} Nf6 {[%clk 01:30:52]} {[%emt
00:00:08]} 2. c4 {[%clk 01:31:21]} {[%emt 00:00:07]} e6 {[%clk 01:31:16]}
{[%emt 00:00:06]} 3. Nc3 {[%clk 01:31:44]} {[%emt 00:00:07]} Bb4 {[%clk
01:31:42]} {[%emt 00:00:04]} 4. Nf3 {[%clk 01:31:38]} {[%emt 00:00:35]} d5
{[%clk 01:31:45]} {[%emt 00:00:28]} 5. a3 {[%clk 01:26:59]} {[%emt 00:05:09]}
Bxc3+ {[%clk 01:30:42]} {[%emt 00:01:32]} 6. bxc3 {[%clk 01:27:12]} {[%emt
00:00:17]} O-O {[%clk 01:28:58]} {[%emt 00:02:15]} 7. e3 {[%clk 01:25:13]}
{[%emt 00:02:30]} b6 {[%clk 01:28:07]} {[%emt 00:01:21]} 8. Bd3 {[%clk
01:21:52]} {[%emt 00:03:48]} c5 {[%clk 01:27:02]} {[%emt 00:01:38]} 9. O-O
{[%clk 01:20:25]} {[%emt 00:01:56]} Nc6 {[%clk 01:25:32]} {[%emt 00:02:00]} 10.
Qc2 {[%clk 01:15:10]} {[%emt 00:05:43]} dxc4 {[%clk 01:21:54]} {[%emt
00:04:10]} 11. Bxc4 {[%clk 01:15:07]} {[%emt 00:00:32]} Na5 {[%clk 01:21:32]}
{[%emt 00:00:54]} 12. Bd3 {[%clk 01:06:06]} {[%emt 00:09:29]} c4 {[%clk
01:19:52]} {[%emt 00:02:11]} 13. Be4 {[%clk 01:05:18]} {[%emt 00:01:16]} Nxe4
{[%clk 01:19:34]} {[%emt 00:00:50]} 14. Qxe4 {[%clk 01:05:03]} {[%emt
00:00:44]} Bb7 {[%clk 01:19:42]} {[%emt 00:00:24]} 15. Qg4 {[%clk 01:04:18]}
{[%emt 00:01:12]} Nc6 {[%clk 01:17:29]} {[%emt 00:02:45]} 16. Rd1 {[%clk
00:59:19]} {[%emt 00:05:28]} Ne7 {[%clk 01:08:49]} {[%emt 00:09:11]} 17. Rb1
{[%clk 00:54:28]} {[%emt 00:05:22]} Nd5 {[%clk 01:07:36]} {[%emt 00:01:43]} 18.
Bb2 {[%clk 00:52:50]} {[%emt 00:02:06]} Nf6 {[%clk 01:06:13]} {[%emt 00:01:54]}
19. Qg3 {[%clk 00:49:42]} {[%emt 00:03:37]} Qd5 {[%clk 01:01:29]} {[%emt
00:05:14]} 20. Ne5 {[%clk 00:44:15]} {[%emt 00:05:57]} h5 {[%clk 00:58:04]}
{[%emt 00:03:57]} 21. f3 {[%clk 00:36:47]} {[%emt 00:07:56]} Rad8 {[%clk
00:53:39]} {[%emt 00:04:55]} 22. e4 {[%clk 00:34:48]} {[%emt 00:02:30]} Qb5
{[%clk 00:47:27]} {[%emt 00:06:43]} 23. Qg5 {[%clk 00:27:46]} {[%emt 00:07:30]}
Nxe4 {[%clk 00:38:55]} {[%emt 00:09:03]} 24. fxe4 {[%clk 00:18:34]} {[%emt
00:09:41]} Bxe4 {[%clk 00:37:28]} {[%emt 00:01:57]} 25. a4 {[%clk 00:15:02]}
{[%emt 00:04:03]} Qa5 {[%clk 00:29:12]} {[%emt 00:08:47]} 26. Nxf7 {[%clk
00:12:44]} {[%emt 00:02:47]} Rd5 {[%clk 00:28:19]} {[%emt 00:01:24]} 27. Qe7
{[%clk 00:08:45]} {[%emt 00:04:29]} Bxb1 {[%clk 00:25:27]} {[%emt 00:03:22]}
28. Rxb1 {[%clk 00:08:39]} {[%emt 00:00:35]} Rxf7 {[%clk 00:24:48]} {[%emt
00:01:09]} 29. Qxe6 {[%clk 00:08:29]} {[%emt 00:00:38]} Rdf5 {[%clk 00:23:37]}
{[%emt 00:01:42]} 30. Qc8+ {[%clk 00:08:09]} {[%emt 00:00:50]} Kh7 {[%clk
00:23:12]} {[%emt 00:00:55]} 31. Qxc4 {[%clk 00:08:18]} {[%emt 00:00:22]} Rf2
{[%clk 00:22:14]} {[%emt 00:01:28]} 32. Qd3+ {[%clk 00:07:38]} {[%emt
00:01:11]} Kg8 {[%clk 00:20:53]} {[%emt 00:01:52]} 0-1

[Event "DVM U20w 2023"]
[Site "Magdeburg GER"]
[Date "2023.12.27"]
[Round "2"]
[White "Muhina, Liana"]
[Black "Margaryan, Mane"]
[Result "1-0"]
[Termination "normal"]
[Board "8.4"]
[WhiteElo "1192"]
[BlackElo "1217"]
[WhiteClock "00:34:21"]
[BlackClock "00:50:58"]
[WhiteTeam "SC Garching 1980"]
[BlackTeam "Elmshorner SC 1896"]
[PlyCount "50"]
[WhiteFideId "16266145"]
[BlackFideId "16268237"]
[EventCountry "GER"]
[EventRounds "7"]
[EventType "team-swiss"]
[EventDate "2023.12.26"]

1. e4 {[%clk 01:30:55]} {[%emt 00:00:03]} c5 {[%clk 01:30:55]} {[%emt
00:00:06]} 2. Nf3 {[%clk 01:31:13]} {[%emt 00:00:12]} e6 {[%clk 01:31:13]}
{[%emt 00:00:13]} 3. d4 {[%clk 01:31:23]} {[%emt 00:00:20]} cxd4 {[%clk
01:31:33]} {[%emt 00:00:09]} 4. Nxd4 {[%clk 01:31:43]} {[%emt 00:00:09]} a6
{[%clk 01:31:58]} {[%emt 00:00:07]} 5. a3 {[%clk 01:31:29]} {[%emt 00:00:43]}
Qc7 {[%clk 01:31:14]} {[%emt 00:01:13]} 6. Nc3 {[%clk 01:29:08]} {[%emt
00:02:51]} Nf6 {[%clk 01:30:37]} {[%emt 00:01:08]} 7. Be2 {[%clk 01:25:37]}
{[%emt 00:04:01]} Bc5 {[%clk 01:30:08]} {[%emt 00:00:59]} 8. Be3 {[%clk
01:21:31]} {[%emt 00:04:36]} O-O {[%clk 01:29:08]} {[%emt 00:01:31]} 9. O-O
{[%clk 01:12:11]} {[%emt 00:09:49]} b5 {[%clk 01:28:01]} {[%emt 00:01:37]} 10.
Bf3 {[%clk 01:06:00]} {[%emt 00:06:41]} Nc6 {[%clk 01:23:44]} {[%emt 00:04:48]}
11. Nxc6 {[%clk 00:59:02]} {[%emt 00:07:27]} dxc6 {[%clk 01:23:31]} {[%emt
00:00:44]} 12. Bxc5 {[%clk 00:58:29]} {[%emt 00:01:02]} Rd8 {[%clk 01:22:57]}
{[%emt 00:01:04]} 13. Qe2 {[%clk 00:56:01]} {[%emt 00:02:57]} Bb7 {[%clk
01:21:08]} {[%emt 00:02:20]} 14. Rad1 {[%clk 00:53:42]} {[%emt 00:02:49]} Rac8
{[%clk 01:18:15]} {[%emt 00:03:22]} 15. Qe3 {[%clk 00:51:32]} {[%emt 00:02:40]}
Nd7 {[%clk 01:15:47]} {[%emt 00:02:58]} 16. Rd2 {[%clk 00:45:23]} {[%emt
00:06:40]} Qb8 {[%clk 01:11:22]} {[%emt 00:04:51]} 17. Rfd1 {[%clk 00:43:08]}
{[%emt 00:02:49]} Nf8 {[%clk 01:06:23]} {[%emt 00:05:30]} 18. Bxf8 {[%clk
00:40:42]} {[%emt 00:02:54]} Rxf8 {[%clk 01:03:16]} {[%emt 00:03:37]} 19. Rd7
{[%clk 00:39:16]} {[%emt 00:01:57]} Rfd8 {[%clk 01:02:41]} {[%emt 00:01:05]}
20. Qb6 {[%clk 00:38:36]} {[%emt 00:01:10]} Rxd7 {[%clk 01:00:40]} {[%emt
00:02:32]} 21. Rxd7 {[%clk 00:38:20]} {[%emt 00:00:45]} Ba8 {[%clk 01:00:35]}
{[%emt 00:00:35]} 22. Qxb8 {[%clk 00:36:42]} {[%emt 00:02:09]} Rxb8 {[%clk
01:00:52]} {[%emt 00:00:13]} 23. e5 {[%clk 00:37:01]} {[%emt 00:00:10]} h6
{[%clk 01:00:13]} {[%emt 00:01:09]} 24. Ne4 {[%clk 00:35:33]} {[%emt 00:01:58]}
Rc8 {[%clk 00:53:59]} {[%emt 00:06:44]} 25. Nd6 {[%clk 00:34:21]} {[%emt
00:01:42]} f6 {[%clk 00:50:58]} {[%emt 00:03:32]} 1-0

[Event "DVM U20w 2023"]
[Site "Magdeburg GER"]
[Date "2023.12.27"]
[Round "2"]
[White "Hafermann, Lara"]
[Black "Schubert, Arlene"]
[Result "1-0"]
[Termination "normal"]
[Board "9.1"]
[WhiteElo "1575"]
[BlackElo "1545"]
[WhiteClock "00:13:26"]
[BlackClock "00:01:09"]
[WhiteTeam "SC Borussia Lichtenberg"]
[BlackTeam "SC 1865 Annaberg-Buchholz"]
[PlyCount "107"]
[WhiteFideId "16298306"]
[BlackFideId "16220951"]
[EventCountry "GER"]
[EventRounds "7"]
[EventType "team-swiss"]
[EventDate "2023.12.26"]

1. Nf3 {[%clk 01:30:57]} {[%emt 00:00:04]} d5 {[%clk 01:30:15]} {[%emt
00:00:44]} 2. g3 {[%clk 01:31:15]} {[%emt 00:00:12]} Nf6 {[%clk 01:28:08]}
{[%emt 00:02:38]} 3. Bg2 {[%clk 01:31:38]} {[%emt 00:00:06]} e6 {[%clk
01:27:21]} {[%emt 00:01:18]} 4. O-O {[%clk 01:31:52]} {[%emt 00:00:16]} Be7
{[%clk 01:26:18]} {[%emt 00:01:34]} 5. d3 {[%clk 01:31:56]} {[%emt 00:00:25]}
O-O {[%clk 01:24:38]} {[%emt 00:02:10]} 6. Nbd2 {[%clk 01:30:17]} {[%emt
00:02:08]} c5 {[%clk 01:21:53]} {[%emt 00:03:15]} 7. e4 {[%clk 01:28:05]}
{[%emt 00:02:43]} dxe4 {[%clk 01:18:30]} {[%emt 00:03:53]} 8. dxe4 {[%clk
01:28:14]} {[%emt 00:00:21]} Nc6 {[%clk 01:17:04]} {[%emt 00:01:56]} 9. e5
{[%clk 01:23:50]} {[%emt 00:04:53]} Nd7 {[%clk 01:14:28]} {[%emt 00:03:06]} 10.
Qe2 {[%clk 01:10:29]} {[%emt 00:13:50]} Qc7 {[%clk 01:09:42]} {[%emt 00:05:17]}
11. Nc4 {[%clk 01:08:59]} {[%emt 00:02:00]} b5 {[%clk 00:59:18]} {[%emt
00:10:54]} 12. Nd6 {[%clk 01:07:14]} {[%emt 00:02:15]} Bxd6 {[%clk 00:55:37]}
{[%emt 00:04:10]} 13. exd6 {[%clk 01:07:30]} {[%emt 00:00:14]} Qxd6 {[%clk
00:55:27]} {[%emt 00:00:41]} 14. Rd1 {[%clk 01:07:25]} {[%emt 00:00:33]} Qb8
{[%clk 00:53:43]} {[%emt 00:02:14]} 15. Ng5 {[%clk 01:04:04]} {[%emt 00:03:52]}
Nd4 {[%clk 00:43:04]} {[%emt 00:11:10]} 16. Qe4 {[%clk 01:02:55]} {[%emt
00:01:38]} Nf6 {[%clk 00:38:42]} {[%emt 00:04:52]} 17. Qxa8 {[%clk 00:59:21]}
{[%emt 00:04:04]} Qe5 {[%clk 00:34:55]} {[%emt 00:04:19]} 18. Be3 {[%clk
00:56:25]} {[%emt 00:03:24]} Nxc2 {[%clk 00:31:49]} {[%emt 00:03:36]} 19. Nf3
{[%clk 00:47:33]} {[%emt 00:09:22]} Qxb2 {[%clk 00:26:37]} {[%emt 00:05:42]}
20. Rab1 {[%clk 00:47:40]} {[%emt 00:00:23]} Qxa2 {[%clk 00:25:50]} {[%emt
00:01:17]} 21. Bxc5 {[%clk 00:47:44]} {[%emt 00:00:27]} Re8 {[%clk 00:21:47]}
{[%emt 00:04:32]} 22. Qxa7 {[%clk 00:44:44]} {[%emt 00:03:30]} Qxa7 {[%clk
00:18:44]} {[%emt 00:03:33]} 23. Bxa7 {[%clk 00:45:05]} {[%emt 00:00:09]} Nd5
{[%clk 00:17:03]} {[%emt 00:02:11]} 24. Rb2 {[%clk 00:43:23]} {[%emt 00:02:13]}
Na3 {[%clk 00:14:55]} {[%emt 00:02:39]} 25. Bc5 {[%clk 00:41:45]} {[%emt
00:02:05]} Nc4 {[%clk 00:12:41]} {[%emt 00:02:45]} 26. Rxb5 {[%clk 00:41:03]}
{[%emt 00:01:11]} Nc3 {[%clk 00:11:41]} {[%emt 00:01:31]} 27. Rb4 {[%clk
00:38:54]} {[%emt 00:02:40]} Nxd1 {[%clk 00:09:03]} {[%emt 00:03:09]} 28. Rxc4
{[%clk 00:39:22]} {[%emt 00:00:01]} Nb2 {[%clk 00:07:34]} {[%emt 00:01:55]} 29.
Rd4 {[%clk 00:38:41]} {[%emt 00:01:10]} f6 {[%clk 00:05:12]} {[%emt 00:02:57]}
30. Bf1 {[%clk 00:30:50]} {[%emt 00:08:20]} e5 {[%clk 00:03:11]} {[%emt
00:02:31]} 31. Rb4 {[%clk 00:30:59]} {[%emt 00:00:22]} Nd1 {[%clk 00:02:30]}
{[%emt 00:01:10]} 32. Bc4+ {[%clk 00:24:33]} {[%emt 00:06:56]} Be6 {[%clk
00:02:30]} {[%emt 00:00:29]} 33. Bxe6+ {[%clk 00:24:41]} {[%emt 00:00:23]} Rxe6
{[%clk 00:02:59]} {[%emt 00:00:01]} 34. Rb3 {[%clk 00:24:55]} {[%emt 00:00:16]}
Rc6 {[%clk 00:02:30]} {[%emt 00:00:58]} 35. Bb4 {[%clk 00:25:10]} {[%emt
00:00:17]} Rc2 {[%clk 00:02:03]} {[%emt 00:00:56]} 36. Ne1 {[%clk 00:08:20]}
{[%emt 00:17:20]} Re2 {[%clk 00:00:50]} {[%emt 00:01:43]} 37. Nd3 {[%clk
00:04:47]} {[%emt 00:04:02]} e4 {[%clk 00:01:04]} {[%emt 00:00:16]} 38. Rb1
{[%clk 00:04:20]} {[%emt 00:00:56]} exd3 {[%clk 00:00:36]} {[%emt 00:01:00]}
39. Rxd1 {[%clk 00:04:45]} {[%emt 00:00:05]} Rb2 {[%clk 00:00:58]} {[%emt
00:00:07]} 40. Bc3 {[%clk 00:04:45]} {[%emt 00:00:29]} Rb3 {[%clk 00:00:34]}
{[%emt 00:00:55]} 41. Rxd3 {[%clk 00:04:51]} {[%emt 00:00:24]} Kf7 {[%clk
00:30:14]} {[%emt 00:00:49]} 42. h4 {[%clk 00:28:10]} {[%emt 00:07:13]} h5
{[%clk 00:23:26]} {[%emt 00:07:18]} 43. Rf3 {[%clk 00:25:22]} {[%emt 00:03:17]}
Ke6 {[%clk 00:16:13]} {[%emt 00:07:44]} 44. Kg2 {[%clk 00:25:30]} {[%emt
00:00:21]} Ra3 {[%clk 00:11:50]} {[%emt 00:04:53]} 45. Bxf6 {[%clk 00:13:34]}
{[%emt 00:12:26]} Rxf3 {[%clk 00:10:36]} {[%emt 00:01:45]} 46. Kxf3 {[%clk
00:14:02]} {[%emt 00:00:02]} Kxf6 {[%clk 00:07:17]} {[%emt 00:03:48]} 47. Kf4
{[%clk 00:12:51]} {[%emt 00:01:41]} Kg6 {[%clk 00:03:00]} {[%emt 00:04:48]} 48.
Ke5 {[%clk 00:12:44]} {[%emt 00:00:36]} Kf7 {[%clk 00:02:38]} {[%emt 00:00:52]}
49. Kf5 {[%clk 00:12:54]} {[%emt 00:00:20]} g6+ {[%clk 00:02:41]} {[%emt
00:00:27]} 50. Kg5 {[%clk 00:13:12]} {[%emt 00:00:13]} Kg7 {[%clk 00:02:29]}
{[%emt 00:00:42]} 51. f4 {[%clk 00:12:04]} {[%emt 00:01:38]} Kf7 {[%clk
00:01:00]} {[%emt 00:01:59]} 52. f5 {[%clk 00:12:28]} {[%emt 00:00:08]} gxf5
{[%clk 00:01:05]} {[%emt 00:00:23]} 53. Kxf5 {[%clk 00:12:57]} {[%emt
00:00:02]} Kg7 {[%clk 00:01:09]} {[%emt 00:00:25]} 54. Kg5 {[%clk 00:13:26]}
{[%emt 00:00:02]} 1-0

[Event "DVM U20w 2023"]
[Site "Magdeburg GER"]
[Date "2023.12.27"]
[Round "2"]
[White "Brewig, Becky"]
[Black "Hasselmann, Isabelle Sophia"]
[Result "0-1"]
[Termination "normal"]
[Board "9.2"]
[WhiteElo "1425"]
[BlackElo "1324"]
[WhiteClock "00:26:10"]
[BlackClock "00:16:38"]
[WhiteTeam "SC 1865 Annaberg-Buchholz"]
[BlackTeam "SC Borussia Lichtenberg"]
[PlyCount "80"]
[WhiteFideId "12964425"]
[BlackFideId "16266951"]
[EventCountry "GER"]
[EventRounds "7"]
[EventType "team-swiss"]
[EventDate "2023.12.26"]

1. e4 {[%clk 01:30:59]} {[%emt 00:00:02]} e6 {[%clk 01:30:56]} {[%emt
00:00:05]} 2. d4 {[%clk 01:31:21]} {[%emt 00:00:08]} d5 {[%clk 01:31:23]}
{[%emt 00:00:02]} 3. e5 {[%clk 01:31:43]} {[%emt 00:00:08]} c5 {[%clk
01:31:47]} {[%emt 00:00:05]} 4. c3 {[%clk 01:32:00]} {[%emt 00:00:14]} Nc6
{[%emt 00:00:05]} 5. Nf3 {[%clk 01:31:50]} {[%emt 00:00:39]} Qb6 {[%clk
01:32:38]} {[%emt 00:00:05]} 6. a3 {[%clk 01:21:57]} {[%emt 00:10:23]} c4
{[%clk 01:31:09]} {[%emt 00:02:00]} 7. Nbd2 {[%clk 01:21:17]} {[%emt 00:01:10]}
Na5 {[%clk 01:30:45]} {[%emt 00:00:53]} 8. Rb1 {[%clk 01:20:41]} {[%emt
00:01:05]} Bd7 {[%clk 01:30:38]} {[%emt 00:00:38]} 9. Be2 {[%clk 01:18:28]}
{[%emt 00:02:43]} Rc8 {[%clk 01:29:31]} {[%emt 00:01:37]} 10. O-O {[%clk
01:18:13]} {[%emt 00:00:44]} Ne7 {[%clk 01:29:08]} {[%emt 00:00:53]} 11. Ng5
{[%clk 01:11:43]} {[%emt 00:07:00]} h6 {[%clk 01:29:13]} {[%emt 00:00:27]} 12.
Nh3 {[%clk 01:11:42]} {[%emt 00:00:30]} Ng6 {[%clk 01:27:32]} {[%emt 00:02:10]}
13. Kh1 {[%clk 01:10:11]} {[%emt 00:02:02]} Be7 {[%clk 01:27:11]} {[%emt
00:00:51]} 14. Bh5 {[%clk 01:06:45]} {[%emt 00:03:55]} Nh4 {[%clk 01:22:29]}
{[%emt 00:05:13]} 15. Nf4 {[%clk 01:00:07]} {[%emt 00:07:07]} O-O {[%clk
01:19:02]} {[%emt 00:03:59]} 16. Qe1 {[%clk 00:56:59]} {[%emt 00:03:36]} Ba4
{[%clk 01:11:44]} {[%emt 00:07:50]} 17. Bd1 {[%clk 00:56:41]} {[%emt 00:00:46]}
Bd7 {[%clk 01:05:32]} {[%emt 00:06:43]} 18. Qe2 {[%clk 00:55:36]} {[%emt
00:01:36]} Bg5 {[%emt 00:02:20]} 19. Qg4 {[%clk 00:53:43]} {[%emt 00:02:20]} f6
{[%clk 01:00:31]} {[%emt 00:03:44]} 20. Nh5 {[%clk 00:49:03]} {[%emt 00:05:11]}
fxe5 {[%clk 00:56:08]} {[%emt 00:04:53]} 21. Nf3 {[%clk 00:43:35]} {[%emt
00:05:58]} Nf5 {[%clk 00:48:46]} {[%emt 00:07:53]} 22. Nxg5 {[%clk 00:42:12]}
{[%emt 00:01:52]} hxg5 {[%clk 00:49:04]} {[%emt 00:00:12]} 23. Qxg5 {[%clk
00:41:59]} {[%emt 00:00:43]} exd4 {[%clk 00:46:47]} {[%emt 00:02:48]} 24. g4
{[%clk 00:41:26]} {[%emt 00:01:03]} Rf7 {[%clk 00:45:53]} {[%emt 00:01:24]} 25.
gxf5 {[%clk 00:41:15]} {[%emt 00:00:41]} exf5 {[%clk 00:46:16]} {[%emt
00:00:08]} 26. Rg1 {[%clk 00:40:37]} {[%emt 00:01:07]} Qd8 {[%clk 00:23:13]}
{[%emt 00:23:33]} 27. cxd4 {[%clk 00:36:52]} {[%emt 00:04:15]} Nc6 {[%clk
00:19:12]} {[%emt 00:04:32]} 28. Qxd8+ {[%clk 00:36:59]} {[%emt 00:00:22]} Nxd8
{[%clk 00:19:02]} {[%emt 00:00:41]} 29. Bh6 {[%clk 00:36:52]} {[%emt 00:00:37]}
Ne6 {[%clk 00:19:19]} {[%emt 00:00:13]} 30. Bf3 {[%clk 00:35:43]} {[%emt
00:01:39]} Bc6 {[%clk 00:19:14]} {[%emt 00:00:35]} 31. Rg6 {[%clk 00:33:04]}
{[%emt 00:03:09]} Nxd4 {[%clk 00:17:11]} {[%emt 00:02:35]} 32. Bxg7 {[%clk
00:32:25]} {[%emt 00:01:09]} Nxf3 {[%clk 00:17:17]} {[%emt 00:00:25]} 33. Nf6+
{[%clk 00:32:37]} {[%emt 00:00:16]} Rxf6 {[%clk 00:17:34]} {[%emt 00:00:12]}
34. Bxf6+ {[%clk 00:33:01]} {[%emt 00:00:07]} Kf7 {[%clk 00:17:15]} {[%emt
00:00:49]} 35. Rh6 {[%clk 00:33:17]} {[%emt 00:00:15]} d4 {[%clk 00:17:12]}
{[%emt 00:00:33]} 36. Rd1 {[%clk 00:26:16]} {[%emt 00:07:30]} Nd2+ {[%clk
00:15:41]} {[%emt 00:02:02]} 37. f3 {[%clk 00:25:24]} {[%emt 00:01:22]} Bxf3+
{[%clk 00:16:01]} {[%emt 00:00:11]} 38. Kg1 {[%clk 00:25:48]} {[%emt 00:00:06]}
Rg8+ {[%clk 00:16:15]} {[%emt 00:00:16]} 39. Kf2 {[%clk 00:25:53]} {[%emt
00:00:24]} Rg2+ {[%clk 00:16:38]} {[%emt 00:00:09]} 40. Ke1 {[%clk 00:26:10]}
{[%emt 00:00:12]} Re2# {[%emt 00:00:07]} 0-1